000
00297cam a22000977a 4500
008
180718b1956 xxu||||| |||| 00| 0 eng d
082
_a
Z29x42 Un3p
245
_a
Report of the reorganisation commission for pigs and bacon
260
_a
London
_b
Her Majesty's Stationery Office
_c
1956
300
_a
101+p.
999
_c
427356
_d
427356